Tìm hiểu đại số tổ hợp phổ thông
Sách giới thiệu những khái niệm cơ bản của Đại số tổ hợp và những phương pháp chủ yếu để giải các bài toán tổ hợp. Ngoài ra, sách cũng giới thiệu các khái niệm: tổ hợp, chỉnh hợp và hoán vị có lặp, công thức đa thức, và những ứ...
Gespeichert in:
| 1. Verfasser: | |
|---|---|
| Format: | Buch |
| Sprache: | Undetermined |
| Veröffentlicht: |
Hà Nội
Giáo Dục
1997
|
| Schlagworte: | |
| Tags: |
Tag hinzufügen
Keine Tags, Fügen Sie den ersten Tag hinzu!
|
| Thư viện lưu trữ: | Trung tâm Học liệu Trường Đại học Cần Thơ |
|---|
| LEADER | 01106nam a2200205Ia 4500 | ||
|---|---|---|---|
| 001 | CTU_29591 | ||
| 008 | 210402s9999 xx 000 0 und d | ||
| 020 | |b 9.400đ | ||
| 082 | |a 512 | ||
| 082 | |b L107 | ||
| 100 | |a Ngô, Thúc Lanh | ||
| 245 | 0 | |a Tìm hiểu đại số tổ hợp phổ thông | |
| 245 | 0 | |c Ngô Thúc Lanh | |
| 260 | |a Hà Nội | ||
| 260 | |b Giáo Dục | ||
| 260 | |c 1997 | ||
| 520 | |a Sách giới thiệu những khái niệm cơ bản của Đại số tổ hợp và những phương pháp chủ yếu để giải các bài toán tổ hợp. Ngoài ra, sách cũng giới thiệu các khái niệm: tổ hợp, chỉnh hợp và hoán vị có lặp, công thức đa thức, và những ứng dụng đơn giản của Đại số tổ hợp vào xác suất | ||
| 650 | |a Algebra,Group theory,Mathamatical analysis,Đại số học,Học thuyết,Toán phân tích | ||
| 904 | |i Minh, Q. Hiếu (sửa) | ||
| 980 | |a Trung tâm Học liệu Trường Đại học Cần Thơ | ||